Statistiken für Torschützen Borussia Dortmund 2021/2022

Klicken Sie hier um das Quiz zu spielen!

Allgemein

  • Dieses Quiz wurde 461 mal gespielt
  • Das Durchschnittsergebnis liegt bei 13 aus 19

Antwortstatistiken

Tore
insgesamt
BL
DFB-
Pokal
DFL-
Supercup
CLELSpieler% Korrekt
29224-3-Erling Haaland
98%
139-13-Marco Reus
98%
11----Mats Hummels
93%
63--12Jude Bellingham
85%
99----Julian Brandt
84%
55----Emre Can
75%
54---1Raphaël Guerreiro
69%
95--31Donyell Malen
68%
11----Manuel Akanji
66%
22----Youssoufa Moukoko
66%
22----Thomas Meunier
65%
642---Thorgan Hazard
65%
22----Giovanni Reyna
63%
22----Mahmoud Dahoud
59%
33----Marius Wolf
55%
22----Axel Witsel
49%
33----Steffen Tigges
41%
11----Tom Rothe
37%
11----Felix Passlack
35%

Verteilung der Resultate

Perzentil nach korrekt beantworteten Fragen

Anzahl Personen mit jedem Resultat

Ihre Resultats-Entwicklung

Sie haben dieses Quiz noch nicht gespielt